| 000 | 00640nam a2200145 a 4500 | ||
|---|---|---|---|
| 005 | 20140414131937.0 | ||
| 008 | 110120s19uu xx 00 eng d | ||
| 050 |
_aREF 594 _bAr1 2000 |
||
| 100 | _aArthur, Alex. | ||
| 245 |
_aShell / _cwritten by Alex Arthur ; [special photography, Andreas von Einsiedel, Dave King, Colin Keates]. |
||
| 260 |
_aNew York : _bDorling Kindersley, _c1989. |
||
| 520 | _aPhotographs and text examine different types of shells, including seashells, eggshells, and fossil shells, focusing on such aspects as how shells camouflage themselves and how they may be collected. | ||
| 650 | _aShells. | ||
| 999 |
_c112481 _d112481 |
||